Cultivo del Melón (cucumis Melo) Bajo Diferentes Volúmenes de Aplicación de Agua por el Método de Riego por Goteo y Aplicación de la Hormona de Marango (Moringa Oleífera) como Agente Regulador del Crecimiento

En el presente trabajo se describe un ensayo de experimentación agrícola para el cultivo de melón (cucumis melo) de la variedad Hy Mark, con la aplicación de la fitohormona de Marango (Moringa oleífera) bajo el sistema de riego por goteo. Dicho ensayo se realizó en parcelas experimentales del...

Full description

Bibliographic Details
Main Authors: Castillo Gutiérrez, Alberto Martin, Landero Wagner, Carlos Augusto
Other Authors: Tutor:
Format: Tesis Section = Libro
Language:Undetermined
Spanish
Published: Managua UNI 1997
Subjects:
LEADER 01618nam a2200241Ia 4500
008 240830s9999 xx 000 0 und d
040 |a BIBLIOTECA-RUPAP MON 635.61 C352 
041 |a spa 
082 |a MON 635.61 C352 
100 1 |a Castillo Gutiérrez, Alberto Martin 
100 1 |b Landero Wagner, Carlos Augusto 
245 1 0 |a Cultivo del Melón (cucumis Melo) Bajo Diferentes Volúmenes de Aplicación de Agua por el Método de Riego por Goteo y Aplicación de la Hormona de Marango (Moringa Oleífera) como Agente Regulador del Crecimiento 
260 |a Managua  |b UNI  |c 1997 
300 |a 112 p. :il. 
502 |a Tesis (Ingeniero Agrícola)- UNI, 1997. 
520 3 |a En el presente trabajo se describe un ensayo de experimentación agrícola para el cultivo de melón (cucumis melo) de la variedad Hy Mark, con la aplicación de la fitohormona de Marango (Moringa oleífera) bajo el sistema de riego por goteo. Dicho ensayo se realizó en parcelas experimentales del laboratorio de riego y drenaje de la escuela de Ingeniería Agrícola, con el apoyo técnico del proyecto Biomasa a través del programa de cooperación técnica Austríaca Sucher & Holzer. Se evalúa la varia de desarrollo del cultivo, por ejemplo profundidad rodicular, follaje, floración y fructificación. Se analiza además la influencia de la hormona en el cambio de la expresión sexual de las flores, así como el amarre de frutos. 
650 7 |a CULTIVO - MELON 
650 7 |b CULTIVO - RIEGO 
650 7 |c HORMONAS VEGETALES - FITOHORMONAS 
700 1 |a Tutor: 
942 |c BK  |2 ddc 
991 |a TESIS 
999 |c 16770